| 000 | 00789cpcaa2200229 4500 | ||
|---|---|---|---|
| 001 | mm 78004876 | ||
| 003 | DLC | ||
| 005 | 20260227111620.0 | ||
| 008 | 790105|||||||||||| eng | ||
| 010 | _amm 78004876 | ||
| 040 |
_aDLC _cDLC _edacs _dDLC |
||
| 072 | 7 |
_aR _2lcmd |
|
| 100 | 1 |
_aBallard, Colin R. _q(Colin Robert), _d1868-1941. |
|
| 245 | 0 | 0 |
_aColin R. Ballard correspondence, _f1927. |
| 300 |
_a2 _fitems. |
||
| 506 | 0 | _aOpen to research. | |
| 520 | 8 | _aLetters relating to Abraham Lincoln. | |
| 546 | _aCollection material in English. | ||
| 580 | _aForms part of: Miscellaneous Manuscripts collection. | ||
| 600 | 1 | 0 |
_aLincoln, Abraham, _d1809-1865. |
| 999 |
_c39650 _d39650 |
||